[Event "New York State-ch 138th"]
[Site "Colonie"]
[Date "2016.09.04"]
[Round "3"]
[White "Lawless, John P"]
[Black "Cimafranca, Edgar R"]
[Result "1-0"]
[WhiteElo "1815"]
[BlackElo "2031"]
[PlyCount "95"]
[EventDate "2016.09.02"]
[EventType "swiss"]
[EventRounds "6"]
[EventCountry "USA"]
[SourceTitle "CBM 174 Extra"]
[Source "ChessBase"]
[SourceDate "2016.10.10"]
[SourceVersion "1"]
[SourceVersionDate "2016.10.10"]
[SourceQuality "1"]

1. e4 c5 2. Nf3 d6 3. c4 Nc6 4. Nc3 Bg4 5. Be2 e6 6. d3 Be7 7. 0-0 Nf6 8. Be3 0-0 9. h3 Bxf3 10. Bxf3 Nd7 11. g3 a6 12. Bg2 Bg5 13. f4 Bf6 14. Qd2 Rb8 15. Ne2 Qb6 16. Rab1 Qb4 17. Qc2 Rfc8 18. a3 Qa5 19. Bd2 Qc7 20. Bc3 Nd4 21. Nxd4 cxd4 22. Bd2 b5 23. b3 g6 24. Qa2 Nc5 25. Qc2 Bg7 26. f5 Be5 27. g4 bxc4 28. bxc4 Rxb1 29. Rxb1 Rb8 30. Rb4 Rb7 31. Qb1 Qb8 32. fxe6 fxe6 33. Bh6 a5 34. Rb5 Rxb5 35. cxb5 a4 36. Qb4 Nxd3 37. Qxa4 Qc8 38. b6 Nc5 39. Qa7 Qb7 40. a4 d3 41. a5 Bd4+ 42. Kh1 d2 43. Bxd2 Qc6 44. Qb8+ Kf7 45. Qc7+ Qd7 46. a6 Kf6 47. a7 Qa4 48. g5+ 1-0

[Event "New York State-ch 138th"]
[Site "Colonie"]
[Date "2016.09.03"]
[Round "2"]
[White "Guevara, Robert N"]
[Black "Lawless, John P"]
[Result "1-0"]
[WhiteElo "2075"]
[BlackElo "1815"]
[PlyCount "85"]
[EventDate "2016.09.02"]
[EventType "swiss"]
[EventRounds "6"]
[EventCountry "USA"]
[SourceTitle "CBM 174 Extra"]
[Source "ChessBase"]
[SourceDate "2016.10.10"]
[SourceVersion "1"]
[SourceVersionDate "2016.10.10"]
[SourceQuality "1"]

1. d4 Nf6 2. Bg5 Ne4 3. Bf4 c5 4. f3 Qa5+ 5. c3 Nf6 6. Nd2 cxd4 7. Nb3 Qf5 8. Bxb8 Rxb8 9. Qxd4 b6 10. e4 Qf4 11. Nh3 Qc7 12. e5 Ng8 13. Nf4 e6 14. Rd1 Ne7 15. Nd3 Nc6 16. Qe3 g6 17. Be2 a5 18. Nd4 Ba6 19. Nxc6 dxc6 20. Nf2 Bc5 21. Qf4 Bxe2 22. Kxe2 0-0 23. Ne4 Be7 24. Nf6+ Bxf6 25. Qxf6 Rbd8 26. f4 b5 27. h4 Rd5 28. h5 Qd8 29. hxg6 Qxf6 30. gxh7+ Kh8 31. exf6 Rfd8 32. Rxd5 Rxd5 33. g4 b4 34. cxb4 axb4 35. g5 Rf5 36. Ke3 e5 37. fxe5 Rxe5+ 38. Kf4 Re2 39. g6 fxg6 40. Kg5 Rxb2 41. Rf1 Kxh7 42. f7 Rg2+ 43. Kh4 1-0